[Event "Capablanca Memorial Masters I"]
[Site "Havana"]
[Date "1998.??.??"]
[Round "1"]
[White "Pupo, Emilio"]
[Black "Sieiro Gonzalez, Luis"]
[Result "1/2-1/2"]
[WhiteElo "2405"]
[BlackElo "2390"]
[PlyCount "68"]
[EventDate "1998.05.??"]
[EventType "tourn"]
[EventRounds "13"]
[EventCountry "CUB"]
[EventCategory "5"]
[SourceTitle "EXT 1999"]
[Source "ChessBase"]
[SourceDate "1998.11.16"]
[SourceVersion "1"]
[SourceVersionDate "1998.11.16"]
[SourceQuality "1"]

1. e4 e6 2. d4 d5 3. Nc3 Bb4 4. e5 c5 5. a3 Ba5 6. b4 cxd4 7. Nb5 Bc7 8. f4 a5 9. Bd2 Nh6 10. Nf3 Nf5 11. Bd3 0-0 12. Nxc7 Qxc7 13. Qe2 axb4 14. Bxb4 Re8 15. 0-0 Nc6 16. Bd2 Qe7 17. a4 Qc5 18. Rfb1 h6 19. Kh1 Qe7 20. Be1 f6 21. g4 fxe5 22. fxe5 Ne3 23. c3 Rf8 24. Bg3 Nc4 25. cxd4 Rxf3 26. Qxf3 Nd2 27. Qe3 Nxb1 28. Bxb1 Bd7 29. Qd3 g5 30. Ra2 Nb4 31. Qg6+ Qg7 32. Qxg7+ Kxg7 33. Rb2 Rxa4 34. Be1 Nc6 1/2-1/2

[Event "Capablanca Memorial Masters I"]
[Site "Havana"]
[Date "1998.??.??"]
[Round "6"]
[White "Sieiro Gonzalez, Luis"]
[Black "Clavijo, Jorge Mario"]
[Result "1-0"]
[WhiteElo "2390"]
[BlackElo "2365"]
[PlyCount "80"]
[EventDate "1998.05.??"]
[EventType "tourn"]
[EventRounds "13"]
[EventCountry "CUB"]
[EventCategory "5"]
[SourceTitle "EXT 1999"]
[Source "ChessBase"]
[SourceDate "1998.11.16"]
[SourceVersion "1"]
[SourceVersionDate "1998.11.16"]
[SourceQuality "1"]

1. e4 c5 2. Nf3 d6 3. d4 cxd4 4. Nxd4 Nf6 5. Nc3 g6 6. Be3 Bg7 7. f3 Nc6 8. Qd2 Bd7 9. 0-0-0 Rc8 10. g4 h5 11. g5 Nh7 12. f4 0-0 13. Be2 Re8 14. f5 Qa5 15. Kb1 Nf8 16. f6 Bh8 17. Rhf1 Nxd4 18. Bxd4 Ne6 19. Be3 Qe5 20. fxe7 Rxe7 21. Qxd6 Qxd6 22. Rxd6 Bxc3 23. bxc3 Rxc3 24. Bd3 a6 25. h4 Rc8 26. Bc1 Rc6 27. Ba3 Rxd6 28. Bxd6 Re8 29. Bc4 Bc6 30. e5 Rc8 31. Re1 Ba4 32. Bb3 Bxb3 33. axb3 Nd4 34. Re4 Nf5 35. c4 Re8 36. c5 Nxd6 37. cxd6 Rc8 38. e6 fxe6 39. Rxe6 Rc3 40. d7 Rxb3+ 1-0